| 000 | 06299cam a22013094i 4500 | ||
|---|---|---|---|
| 003 | PE-LiUPU | ||
| 005 | 20250813185603.0 | ||
| 008 | 150706s r 000 0 d | ||
| 020 | _a9786124011344 | ||
| 035 | _a(Sirsi) i9786124011344 | ||
| 040 |
_aPE-LiUPU _bspa _cPE-LiUPU _erda |
||
| 049 | _aPRUA | ||
| 082 | 0 | 4 |
_a378.85 _bUPH _221 |
| 100 | 1 |
_aRíos Burga, Jaime R., _eautor. |
|
| 245 | 1 | 3 |
_aLa Universidad en la segunda mitad del siglo XX y siglo XXI (1990-2006) 6 / _cJaime R. Ríos Burga. |
| 264 | 1 |
_aLima : _bAsamblea Nacional de Rectores, _c2010. |
|
| 300 |
_a494 páginas : _bilustraciones ; _c24 centímetros |
||
| 336 |
_atext _2rdacontent |
||
| 337 |
_aunmediated _2rdamedia |
||
| 338 |
_avolume _2rdacarrier |
||
| 490 | 0 |
_aLa universidad en el Perú: Historia, Presente y Futuro ; _v6 |
|
| 504 | _aIncluye bibliografía. | ||
| 505 | 0 | _aSociedad y universidad -- Universidad, sociedad peruana y globalización. Jaime Ríos Burga -- La universidad: Su misión. Jorge Angulo -- Informe sobre educación superior universitaria. Hugo Nava -- Diagnóstico de la Universidad Peruana: Razones para una nueva reforma universitaria. Sota Nadal -- La universidad estatal peruana y la historia de nuestro tiempo. Algunas reflexiones. Waldemar Espinoza Soriano -- Los actuales retos para refundar la universidad de San Marcos. César Germaná Cavero -- En debate, la gratitud de la enseñanza en las universidades públicas. David Velásquez Silva y Martín Guadalupe Inga -- Universidad y sociedad -- Los ejes de la segunda reforma universitaria. Nicolás Lynch -- Revalorizando la universidad pública. Julio Mejía -- Balance y perspectivas del papel de la universidad a fines del siglo XX. Rene Ortiz Caballero -- Una opinión sobre la universidad. Guillermo E. Delgado -- La imagen de la universidad nacional del centro en el contexto de las nuevas significaciones de la comunicación: Desafíos y limitaciones informales. Américo Meza Salcedo -- Formación universitaria y mercado laboral XII. Luis A. Piscoya Hermoza -- Consejo de evaluación, acreditación y certificación de la calidad de la educación superior universitaria. CONEAU -- Elementos para un diagnóstico de la universidad peruana. Zenón Depaz Toledo -- La Universidad Católica hoy en Latinoamérica. Alfonso Borreo y otros -- La universidad y estudiante. J. Rogelio Llerena Quevedo -- Responsabiblidad política de la universidad. Jaime Cisneros -- Compromiso de la Pontificia Universidad Católica del Perú con el país y la iglesia. Salomón Lerner Febres -- La actualidad de una gran historia: la responsabilidad ética y la política de la universidad. Manuel Burga Diaz -- La autonomía universitaria en la legislación universitaria vigente. Iván Rodríguez Chávez -- Notas para el estudio de la formación profesional en Perú. Raúl E. Porras Lavalle -- Acerca de las reformas curriculares y planes de estudio 2001-2006. Manuel Valladares Quijano -- La universidad pública y el presupuesto nacional. Cuscodio Arias. | |
| 526 | _aP202 | ||
| 526 | _aP201 | ||
| 526 | _aP163 | ||
| 526 | _aP162 | ||
| 526 | _aP161 | ||
| 526 | _aP160 | ||
| 526 | _aP148 | ||
| 526 | _aP147 | ||
| 526 | _aP146 | ||
| 526 | _aP145 | ||
| 526 | _aP144 | ||
| 526 | _aP143 | ||
| 526 | _aP142 | ||
| 526 | _aP141 | ||
| 526 | _aP140 | ||
| 526 | _aP139 | ||
| 526 | _aP138 | ||
| 526 | _aP137 | ||
| 526 | _aP136 | ||
| 526 | _aP135 | ||
| 526 | _aP134 | ||
| 526 | _aP133 | ||
| 526 | _aP129 | ||
| 526 | _aP128 | ||
| 526 | _aP127 | ||
| 526 | _aP120 | ||
| 526 | _aP119 | ||
| 526 | _aP118 | ||
| 526 | _aP116 | ||
| 526 | _aP115 | ||
| 526 | _aP114 | ||
| 526 | _aP110 | ||
| 526 | _aP109 | ||
| 526 | _aP108 | ||
| 526 | _aP104 | ||
| 526 | _aP103 | ||
| 526 | _aP102 | ||
| 526 | _aP99 | ||
| 526 | _aP98 | ||
| 526 | _aP97 | ||
| 526 | _aP96 | ||
| 526 | _aP95 | ||
| 526 | _aP93 | ||
| 526 | _aP90 | ||
| 526 | _aP89 | ||
| 526 | _aP88 | ||
| 526 | _aP83 | ||
| 526 | _aP82 | ||
| 526 | _aP62 | ||
| 526 | _aP59 | ||
| 526 | _aP58 | ||
| 526 | _aP57 | ||
| 526 | _aP51 | ||
| 526 | _aP49 | ||
| 526 | _aP48 | ||
| 526 | _aP47 | ||
| 526 | _aP29 | ||
| 526 | _aP24 | ||
| 526 | _aP20 | ||
| 526 | _aP19 | ||
| 526 | _aP17 | ||
| 526 | _aP15 | ||
| 526 | _aP14 | ||
| 526 | _aP12 | ||
| 526 | _aP10 | ||
| 526 | _aP09 | ||
| 526 | _aP08 | ||
| 526 | _aP07 | ||
| 526 | _aP06 | ||
| 526 | _aP05 | ||
| 526 | _aP04 | ||
| 526 | _aP01 | ||
| 650 | 0 | 4 |
_aUniversidades _zPerú _xHistoria. |
| 910 |
_bjck _d20110418 |
||
| 942 |
_2ddc _cBOOK |
||
| 949 |
_a378.85 UPH 6 _wDEWEY _c1 _i62852 _d2016-9-21 _e2016-9-15 _lCCODEBUL1 _mBUL _n1 _p22.00 _r0 _sY _tBOOK _u2015-7-6 _xEDUCACION _zUNKNOWN _0COMPRA _o.STAFF. Colección General |
||
| 949 |
_a378.85 UPH 6 _wDEWEY _c2 _i62851 _lCCODEBUL1 _mBUL _p22.00 _r0 _sY _tBOOK _u2015-7-6 _xEDUCACION _zUNKNOWN _0COMPRA _o.STAFF. Colección General |
||
| 949 |
_a376.51 R63 T6 2010 _wDEWEY _c1 _iFJ05238 _lCCODEBUJ1 _mBUJ _p22.00 _r0 _sY _tBOOK _u2016-07-08 _xEDUCACIÓN _PP14 _o.STAFF -- Colección General Juliaca |
||
| 949 |
_a376.51 R63 T6 2010 _wDEWEY _c2 _iFJ05239 _lCCODEBUJ1 _mBUJ _p22.00 _r0 _sY _tBOOK _u2016-07-08 _xEDUCACIÓN _PP14 _o.STAFF -- Colección General Juliaca |
||
| 994 |
_aC0 _bPEPRU |
||
| 596 | _a1 3 | ||
| 999 |
_a378.85 UPH 6 _wDEWEY _c51861 _i62852 _d51861 _e2016-9-15 _f2021-11-8 _g5 _lCCODEBUL1 _mBUL _n1 _p22.00 _r0 _sN _tBOOK _u2015-7-6 _xEDUCACION _zUNKNOWN _0COMPRA _o.STAFF. Colección General |
||
| 999 |
_a378.85 UPH 6 _wDEWEY _c2 _i62851 _d2018-3-13 _f2021-11-8 _g5 _lCCODEBUL1 _mBUL _p22.00 _q1 _r0 _sY _tBOOK _u2015-7-6 _xEDUCACION _zUNKNOWN _0COMPRA _o.STAFF. Colección General |
||
| 999 |
_a376.51 R63 T6 2010 _wDEWEY _c1 _iFJ05238 _d2018-12-3 _f2022-1-18 _g3 _lCCODEBUJ1 _mBUJ _q1 _r0 _sY _tBOOK _u2017-1-12 _xBIBLIOTECA _zUNKNOWN _0DONACION _o.STAFF. Colección General Juliaca |
||
| 999 |
_a376.51 R63 T6 2010 _wDEWEY _c2 _iFJ05239 _d2018-12-3 _f2022-1-18 _g3 _lCCODEBUJ1 _mBUJ _q2 _r0 _sY _tBOOK _u2017-1-12 _xBIBLIOTECA _zUNKNOWN _0DONACION _o.STAFF. Colección General Juliaca |
||
| 980 |
_81 _gALBERTO SANCHEZ Responsable de Automatización |
||